000 00950nam a2200277 i 4500
001 185831
003 SpMaBN
005 20250829112026.0
008 160812s1990 mx |||| |dspa d
020 _a968-452-398-X
080 _a17
080 _a21
100 1 _aBergson, Henri.
_928013
245 1 4 _aLas dos fuentes de la moral y de la religión /
_cHenri Bergson ; introducción de John M. Oesterreicher ; [traducción de Miguel González Fernández].
250 _a1ª ed. en la Colección "Sepan cuantos...".
260 _aMéxico :
_bPorrúa,
_c1990.
300 _aLIII, 183 p. ;
_c22 cm.
490 1 _a"Sepan cuantos..." ;
_v590
500 _aCronología.
650 7 _aÉtica
_2embne
_912577
650 4 _aReligión-
_xFilosofía
_916799
700 1 _aOesterreicher, John M.
_986554
830 0 0 _aSepan cuantos_
_v590
_9180801
852 _aES-MaACL
_jL-30548
_z. - Donat. Miguel A. Velasco
999 _c185831
_d185831